[Event "Split Open 2017"]
[Site "Split CRO"]
[Date "2017.08.24"]
[Round "6.48"]
[White "Kovac, Mihael"]
[Black "Dropulic, Elvis"]
[Result "0-1"]
[WhiteElo "1708"]
[BlackElo "2004"]
[PlyCount "92"]
[EventDate "2017.08.20"]
[EventType "swiss"]
[EventRounds "9"]
[EventCountry "CRO"]
[SourceTitle "Ajedrez en Madrid"]
[Source "lmi"]
[SourceDate "2017.08.20"]
[SourceVersion "1"]
[SourceVersionDate "2018.03.10"]
[SourceQuality "1"]

1. e4 e5 2. Nf3 Qe7 3. Nc3 c6 4. d4 d6 5. dxe5 dxe5 6. h3 h6 7. Be3 Nf6 8. a4
Nbd7 9. Bc4 Qb4 10. Qd3 Qxb2 11. Rd1 Bb4 12. Bd2 O-O 13. O-O Be7 14. Be3 Qb4
15. Rb1 Qa5 16. Rfd1 Nc5 17. Bxc5 Qxc5 18. Bb3 g5 19. Re1 Kg7 20. Na2 Nh5 21.
Qc4 Qxc4 22. Bxc4 Kf6 23. Rbd1 Be6 24. Bxe6 Kxe6 25. Rd3 Rfd8 26. Red1 Nf6 27.
Rxd8 Rxd8 28. Rxd8 Bxd8 29. Nd2 b5 30. axb5 cxb5 31. f3 Kd6 32. Nb3 a5 33. c3
Nd7 34. Kh2 Nc5 35. Nbc1 Ke6 36. Kg3 h5 37. Kf2 g4 38. hxg4 hxg4 39. Kg3 gxf3
40. gxf3 Bg5 41. Ne2 Nd3 42. Kg4 Bd2 43. Ng3 Nc1 44. Nxc1 Bxc1 45. Ne2 Bb2 46.
f4 f6 0-1

[Event "Split Open 2017"]
[Site "Split CRO"]
[Date "2017.08.24"]
[Round "6.57"]
[White "Saric, Branko"]
[Black "Erwich, Ankie"]
[Result "1-0"]
[WhiteElo "1874"]
[BlackElo "1507"]
[PlyCount "49"]
[EventDate "2017.08.20"]
[EventType "swiss"]
[EventRounds "9"]
[EventCountry "CRO"]
[SourceTitle "Ajedrez en Madrid"]
[Source "lmi"]
[SourceDate "2017.08.20"]
[SourceVersion "1"]
[SourceVersionDate "2018.03.10"]
[SourceQuality "1"]

1. d4 d6 2. Nf3 Nf6 3. c4 e6 4. Nc3 Be7 5. e4 O-O 6. Bd3 Nbd7 7. e5 dxe5 8.
dxe5 Ne8 9. Qe2 f6 10. exf6 Ndxf6 11. O-O c6 12. Rd1 Qc7 13. h3 Bd6 14. a3 b6
15. b4 c5 16. Nb5 Qb8 17. Nxd6 Nxd6 18. Bf4 Nfe8 19. Bg3 a6 20. Ng5 Rf6 21.
Bxh7+ Kh8 22. Rab1 Qc7 23. Be5 Rf8 24. Be4 Ra7 25. Qh5+ 1-0

[Event "Split Open 2017"]
[Site "Split CRO"]
[Date "2017.08.24"]
[Round "6.64"]
[White "Cacic, Marija"]
[Black "Matosin, Jurica"]
[Result "1-0"]
[WhiteElo "1642"]
[BlackElo "1451"]
[PlyCount "49"]
[EventDate "2017.08.20"]
[EventType "swiss"]
[EventRounds "9"]
[EventCountry "CRO"]
[SourceTitle "Ajedrez en Madrid"]
[Source "lmi"]
[SourceDate "2017.08.20"]
[SourceVersion "1"]
[SourceVersionDate "2018.03.10"]
[SourceQuality "1"]

1. d4 d5 2. c4 e6 3. Nc3 Nf6 4. cxd5 exd5 5. Bg5 Be7 6. e3 O-O 7. Nf3 Bg4 8.
Be2 c6 9. O-O Nbd7 10. Rb1 Re8 11. h3 Bxf3 12. Bxf3 h6 13. Bh4 Nf8 14. b4 Ng6
15. Bg3 Bd6 16. Bxd6 Qxd6 17. b5 Ne4 18. Bxe4 dxe4 19. Qg4 Qe6 20. Qxe6 Rxe6
21. bxc6 bxc6 22. Rfc1 Rc8 23. Rb7 a6 24. Na4 Ne7 25. Nc5 1-0

[Event "Split Open 2017"]
[Site "Split CRO"]
[Date "2017.08.25"]
[Round "7.1"]
[White "Srbis, Jurica"]
[Black "Saric, Ante"]
[Result "1/2-1/2"]
[WhiteElo "2417"]
[BlackElo "2538"]
[PlyCount "30"]
[EventDate "2017.08.20"]
[EventType "swiss"]
[EventRounds "9"]
[EventCountry "CRO"]
[SourceTitle "Ajedrez en Madrid"]
[Source "lmi"]
[SourceDate "2017.08.20"]
[SourceVersion "1"]
[SourceVersionDate "2018.03.10"]
[SourceQuality "1"]

1. e4 e6 2. d4 d5 3. Nd2 c5 4. exd5 Qxd5 5. Ngf3 cxd4 6. Bc4 Qd6 7. O-O Nf6 8.
Nb3 Nc6 9. Nbxd4 Nxd4 10. Qxd4 Qxd4 11. Nxd4 Bd7 12. Bf4 Bc5 13. Rad1 Rc8 14.
Bb3 O-O 15. Rfe1 Bb6 1/2-1/2

[Event "Split Open 2017"]
[Site "Split CRO"]
[Date "2017.08.25"]
[Round "7.2"]
[White "Martinovic, Sasa"]
[Black "Biliskov, Vjekoslav"]
[Result "1-0"]
[WhiteElo "2570"]
[BlackElo "2247"]
[PlyCount "51"]
[EventDate "2017.08.20"]
[EventType "swiss"]
[EventRounds "9"]
[EventCountry "CRO"]
[SourceTitle "Ajedrez en Madrid"]
[Source "lmi"]
[SourceDate "2017.08.20"]
[SourceVersion "1"]
[SourceVersionDate "2018.03.10"]
[SourceQuality "1"]

1. d4 g6 2. c4 Bg7 3. e4 d6 4. Nc3 e5 5. Nge2 Nd7 6. g3 Ne7 7. Bg2 O-O 8. O-O
exd4 9. Nxd4 Nc6 10. Nde2 Nde5 11. b3 f5 12. f4 Ng4 13. h3 Nh6 14. Rb1 fxe4 15.
g4 Nf7 16. Nxe4 Be6 17. Bb2 Re8 18. Qc1 h5 19. Bxg7 Kxg7 20. Qc3+ Kf8 21. f5
gxf5 22. gxf5 Bd7 23. Nf4 Nce5 24. Nxh5 Qh4 25. Nef6 Re7 26. Rf4 1-0

[Event "Split Open 2017"]
[Site "Split CRO"]
[Date "2017.08.25"]
[Round "7.4"]
[White "Dobrowolski, Piotr"]
[Black "Makovec, Bruno"]
[Result "1-0"]
[WhiteElo "2423"]
[BlackElo "2193"]
[PlyCount "35"]
[EventDate "2017.08.20"]
[EventType "swiss"]
[EventRounds "9"]
[EventCountry "CRO"]
[SourceTitle "Ajedrez en Madrid"]
[Source "lmi"]
[SourceDate "2017.08.20"]
[SourceVersion "1"]
[SourceVersionDate "2018.03.10"]
[SourceQuality "1"]

1. e4 c5 2. Nf3 d6 3. c3 Nf6 4. Be2 Nc6 5. d4 cxd4 6. cxd4 d5 7. e5 Ne4 8. Nc3
Nxc3 9. bxc3 g6 10. h4 Bg4 11. Rb1 Rb8 12. h5 Bxh5 13. Ng5 Bxe2 14. Qxe2 e6 15.
Qf3 Qd7 16. Qf6 Rg8 17. Rxh7 Nd8 18. Rh8 1-0

[Event "Split Open 2017"]
[Site "Split CRO"]
[Date "2017.08.25"]
[Round "7.10"]
[White "Ostovic, Matija"]
[Black "Yuksel, Atilla Koksal"]
[Result "0-1"]
[WhiteElo "2360"]
[BlackElo "2097"]
[PlyCount "98"]
[EventDate "2017.08.20"]
[EventType "swiss"]
[EventRounds "9"]
[EventCountry "CRO"]
[SourceTitle "Ajedrez en Madrid"]
[Source "lmi"]
[SourceDate "2017.08.20"]
[SourceVersion "1"]
[SourceVersionDate "2018.03.10"]
[SourceQuality "1"]

1. d4 e6 2. e4 b6 3. Nf3 Bb7 4. Bd3 c5 5. c3 Nf6 6. e5 Nd5 7. O-O Nc6 8. c4 Nc7
9. dxc5 Bxc5 10. Nc3 d5 11. exd6 Bxd6 12. Qe2 f6 13. a3 O-O 14. Rd1 Qe7 15.
Bxh7+ Kxh7 16. Qd3+ Kg8 17. Qxd6 Qxd6 18. Rxd6 Na5 19. Nd2 Rfd8 20. Rxd8+ Rxd8
21. b4 Rd3 22. bxa5 Rxc3 23. axb6 axb6 24. Kf1 Ba6 25. Ke1 Bxc4 26. Bb2 Rc2 27.
Nxc4 Rxc4 28. Rc1 Rxc1+ 29. Bxc1 Kf7 30. Ke2 e5 31. Kd3 Ke6 32. Kc4 Kd6 33. a4
Kc6 34. Kd3 Ne6 35. Ke4 g6 36. g4 Nc5+ 37. Kf3 g5 38. Kg3 Nxa4 39. h4 gxh4+ 40.
Kxh4 Nc5 41. Kh5 Nd3 42. Be3 b5 43. g5 fxg5 44. Kxg5 b4 45. Bd2 b3 46. Bc3 Kd5
47. Kf5 b2 48. Bxb2 Nxb2 49. f4 e4 0-1

[Event "Split Open 2017"]
[Site "Split CRO"]
[Date "2017.08.25"]
[Round "7.12"]
[White "Armanda, Ivica"]
[Black "Starcevic, Ante Leon"]
[Result "1-0"]
[WhiteElo "2335"]
[BlackElo "2102"]
[PlyCount "39"]
[EventDate "2017.08.20"]
[EventType "swiss"]
[EventRounds "9"]
[EventCountry "CRO"]
[SourceTitle "Ajedrez en Madrid"]
[Source "lmi"]
[SourceDate "2017.08.20"]
[SourceVersion "1"]
[SourceVersionDate "2018.03.10"]
[SourceQuality "1"]

1. e4 c5 2. Nf3 e6 3. d4 cxd4 4. Nxd4 Nf6 5. Nc3 d6 6. Be2 Nc6 7. O-O Be7 8.
Be3 Bd7 9. Kh1 O-O 10. f4 Nxd4 11. Bxd4 Bc6 12. Bd3 Nd7 13. Qg4 e5 14. fxe5
dxe5 15. Be3 Nc5 16. Bc4 Na4 17. Rad1 Qc8 18. Qg3 Nxc3 19. Bh6 g6 20. Qxe5 1-0

[Event "Split Open 2017"]
[Site "Split CRO"]
[Date "2017.08.25"]
[Round "7.13"]
[White "Schuhmacher, Jakob"]
[Black "Piskur, Mitja"]
[Result "0-1"]
[WhiteElo "2028"]
[BlackElo "2308"]
[PlyCount "58"]
[EventDate "2017.08.20"]
[EventType "swiss"]
[EventRounds "9"]
[EventCountry "CRO"]
[SourceTitle "Ajedrez en Madrid"]
[Source "lmi"]
[SourceDate "2017.08.20"]
[SourceVersion "1"]
[SourceVersionDate "2018.03.10"]
[SourceQuality "1"]

1. d4 f5 2. Nf3 Nf6 3. g3 e6 4. Bg2 d5 5. O-O Bd6 6. c4 c6 7. Qc2 O-O 8. b3 Qe7
9. Bb2 b6 10. Ne5 Bb7 11. Nd2 Ne4 12. Nd3 Nd7 13. f3 Nxd2 14. Qxd2 dxc4 15.
bxc4 e5 16. e3 Rad8 17. f4 e4 18. Nf2 c5 19. d5 b5 20. g4 Nb6 21. cxb5 Nxd5 22.
Qe2 Bxf4 23. Nd1 Bb8 24. gxf5 Qh4 25. Bh1 Nf6 26. Rf2 Ng4 27. Rg2 Bxh2+ 28.
Rxh2 Nxh2 29. Qxh2 Qe1+ 0-1

[Event "Split Open 2017"]
[Site "Split CRO"]
[Date "2017.08.25"]
[Round "7.17"]
[White "Karabaic, Ivan"]
[Black "Hercog, Nusa"]
[Result "1-0"]
[WhiteElo "2166"]
[BlackElo "2052"]
[PlyCount "71"]
[EventDate "2017.08.20"]
[EventType "swiss"]
[EventRounds "9"]
[EventCountry "CRO"]
[SourceTitle "Ajedrez en Madrid"]
[Source "lmi"]
[SourceDate "2017.08.20"]
[SourceVersion "1"]
[SourceVersionDate "2018.03.10"]
[SourceQuality "1"]

1. Nf3 d5 2. g3 Nf6 3. Bg2 c6 4. d3 h6 5. Nbd2 Bf5 6. b3 e6 7. Bb2 Be7 8. O-O
O-O 9. Re1 Bh7 10. e4 dxe4 11. dxe4 Nbd7 12. Qe2 Qc7 13. e5 Nd5 14. Ne4 Nc5 15.
Nfd2 a5 16. a3 Rfd8 17. Rad1 Na6 18. Nc4 b5 19. Ncd6 Nb6 20. Qg4 Bg6 21. h4 h5
22. Qe2 Rab8 23. Bf3 Bxe4 24. Qxe4 Nd5 25. Bxh5 Rf8 26. Qe2 g6 27. Bg4 Kg7 28.
h5 g5 29. c4 bxc4 30. Qxc4 Qb6 31. Rd3 Kh6 32. Rf3 Kg7 33. Qe4 Bxd6 34. exd6+
f6 35. Qg6+ Kh8 36. Qh6+ 1-0

[Event "Split Open 2017"]
[Site "Split CRO"]
[Date "2017.08.25"]
[Round "7.18"]
[White "Berke, Ana"]
[Black "Hefner, Felix"]
[Result "1-0"]
[WhiteElo "2160"]
[BlackElo "1973"]
[PlyCount "60"]
[EventDate "2017.08.20"]
[EventType "swiss"]
[EventRounds "9"]
[EventCountry "CRO"]
[SourceTitle "Ajedrez en Madrid"]
[Source "lmi"]
[SourceDate "2017.08.20"]
[SourceVersion "1"]
[SourceVersionDate "2018.03.10"]
[SourceQuality "1"]

1. e4 d6 2. d4 Nf6 3. Nc3 e5 4. Nf3 Nbd7 5. Bc4 Be7 6. O-O O-O 7. a4 c6 8. Re1
b6 9. h3 Bb7 10. Be3 Qc7 11. Ba2 a6 12. Qd3 b5 13. axb5 axb5 14. b4 d5 15. dxe5
dxe4 16. Nxe4 Nxe5 17. Nxe5 Qxe5 18. Bd4 Qf4 19. Ng5 Rad8 20. Rxe7 Rxd4 21. Qe3
Qxe3 22. fxe3 Rd7 23. Rxd7 Nxd7 24. Bxf7+ Kh8 25. Ra7 Bc8 26. Be6 Ne5 27. Ra8
h6 28. Ne4 Nc4 29. Rxc8 Rxc8 30. Bxc8 Nxe3 1-0

[Event "Split Open 2017"]
[Site "Split CRO"]
[Date "2017.08.25"]
[Round "7.28"]
[White "Porobija, Antonio"]
[Black "Luetic, Ante"]
[Result "1-0"]
[WhiteElo "1947"]
[BlackElo "2069"]
[PlyCount "55"]
[EventDate "2017.08.20"]
[EventType "swiss"]
[EventRounds "9"]
[EventCountry "CRO"]
[SourceTitle "Ajedrez en Madrid"]
[Source "lmi"]
[SourceDate "2017.08.20"]
[SourceVersion "1"]
[SourceVersionDate "2018.03.10"]
[SourceQuality "1"]

1. e4 c6 2. d4 d5 3. Nd2 dxe4 4. Nxe4 Nf6 5. Nxf6+ gxf6 6. g3 Qd5 7. Nf3 Bg4 8.
Bg2 Nd7 9. O-O Nb6 10. Qd3 Rd8 11. c3 Qh5 12. Re1 Qg6 13. Qf1 Be6 14. Qe2 h5
15. Nh4 Qh7 16. Be4 Qg8 17. a4 Bc4 18. Qc2 e6 19. a5 Nd5 20. a6 Bxa6 21. Rxa6
bxa6 22. Qa4 Kd7 23. Bxd5 exd5 24. Qxa6 Bd6 25. Qb7+ Bc7 26. Bf4 Rc8 27. Nf5
Qe8 28. Rxe8 1-0

[Event "Split Open 2017"]
[Site "Split CRO"]
[Date "2017.08.25"]
[Round "7.30"]
[White "Dabic, Stjepan"]
[Black "Trajber, Csaba Dr."]
[Result "1-0"]
[WhiteElo "1881"]
[BlackElo "2064"]
[PlyCount "81"]
[EventDate "2017.08.20"]
[EventType "swiss"]
[EventRounds "9"]
[EventCountry "CRO"]
[SourceTitle "Ajedrez en Madrid"]
[Source "lmi"]
[SourceDate "2017.08.20"]
[SourceVersion "1"]
[SourceVersionDate "2018.03.10"]
[SourceQuality "1"]

1. d4 f5 2. g3 Nf6 3. Bg2 e6 4. c4 c6 5. Nf3 d5 6. O-O Bd6 7. b3 Qe7 8. Bb2 O-O
9. Ne5 b6 10. Nd2 a5 11. Rc1 Bb7 12. e3 Na6 13. Qe2 Ne4 14. f4 Bb4 15. Nxe4
dxe4 16. g4 Bd6 17. Bc3 Ba3 18. Rcd1 Rfd8 19. Kh1 Bd6 20. gxf5 exf5 21. Bh3 Rf8
22. Qh5 Qe8 23. Qxe8 Raxe8 24. Nd7 Rf7 25. Nxb6 Bb4 26. Bb2 g6 27. c5 a4 28. a3
Ba5 29. Nc4 Bc7 30. b4 Nb8 31. Rg1 Ba6 32. Bf1 Kf8 33. Bc3 Rd7 34. Nb2 Bb5 35.
Bxb5 cxb5 36. d5 Bd8 37. Be5 Bh4 38. Rd2 Red8 39. Rgd1 Nc6 40. dxc6 Rxd2 41.
Rxd2 1-0

[Event "Split Open 2017"]
[Site "Split CRO"]
[Date "2017.08.25"]
[Round "7.45"]
[White "Tomic-Potrebujes, Zlatko"]
[Black "Tadinac, Sasa"]
[Result "1/2-1/2"]
[WhiteElo "1965"]
[BlackElo "1766"]
[PlyCount "113"]
[EventDate "2017.08.20"]
[EventType "swiss"]
[EventRounds "9"]
[EventCountry "CRO"]
[SourceTitle "Ajedrez en Madrid"]
[Source "lmi"]
[SourceDate "2017.08.20"]
[SourceVersion "1"]
[SourceVersionDate "2018.03.10"]
[SourceQuality "1"]

1. e4 Nc6 2. d4 e5 3. d5 Nce7 4. Nf3 Ng6 5. c4 Nf6 6. Bd3 Bc5 7. O-O d6 8. h3
h6 9. Nc3 a6 10. b4 Ba7 11. Be3 Bd7 12. c5 O-O 13. Qd2 Qe7 14. Rac1 dxc5 15.
bxc5 Bxc5 16. Bxc5 Qxc5 17. Na4 Qd6 18. Nc5 Bc8 19. Qb2 b6 20. Nb3 Bd7 21. Rfd1
a5 22. Nbd2 c5 23. Nc4 Qe7 24. Ncxe5 Nf4 25. Nxd7 Nxd7 26. Bb5 Nf6 27. d6 Qxe4
28. Rc4 Qf5 29. Bc6 Rab8 30. Qd2 g5 31. Qc2 Qxc2 32. Rxc2 Rfd8 33. d7 Ne6 34.
Rd6 Kg7 35. Ne5 Nd4 36. Rc4 Nxd7 37. Rxd7 Nxc6 38. Nxc6 Rxd7 39. Nxb8 Rc7 40.
a4 Kf6 41. Na6 Rc8 42. Kf1 Ke5 43. Ke2 Kd5 44. Kd3 Kc6 45. h4 Kb7 46. hxg5 hxg5
47. Nxc5+ Rxc5 48. Re4 Rf5 49. f3 Ka6 50. Re8 b5 51. Ra8+ Kb6 52. axb5 Rxb5 53.
Kc4 Rf5 54. Kb3 Rf4 55. Rd8 f5 56. Rd5 a4+ 57. Ka3 1/2-1/2

[Event "Split Open 2017"]
[Site "Split CRO"]
[Date "2017.08.25"]
[Round "7.50"]
[White "Peric, Mijo"]
[Black "Cacic, Marija"]
[Result "1-0"]
[WhiteElo "1875"]
[BlackElo "1642"]
[PlyCount "67"]
[EventDate "2017.08.20"]
[EventType "swiss"]
[EventRounds "9"]
[EventCountry "CRO"]
[SourceTitle "Ajedrez en Madrid"]
[Source "lmi"]
[SourceDate "2017.08.20"]
[SourceVersion "1"]
[SourceVersionDate "2018.03.10"]
[SourceQuality "1"]

1. e4 e6 2. d4 d5 3. Nd2 Nf6 4. e5 Nfd7 5. Bd3 c5 6. c3 Nc6 7. Ne2 cxd4 8. cxd4
Be7 9. O-O O-O 10. f4 Qb6 11. Nf3 f6 12. Kh1 a6 13. a3 Qd8 14. Bd2 b5 15. Qc2
h6 16. Qxc6 Nb6 17. Ba5 Rb8 18. Qc2 Qd7 19. b3 Qb7 20. Bb4 Bxb4 21. axb4 Bd7
22. exf6 Rxf6 23. Ne5 Rc8 24. Bh7+ Kh8 25. Qd3 Be8 26. Bg6 Bxg6 27. Nxg6+ Kg8
28. Ne5 Rcf8 29. Rac1 Nd7 30. Ng4 R6f7 31. Qg6 Kh8 32. Qxe6 Nf6 33. Ne5 Re7 34.
Ng6+ 1-0

[Event "Split Open 2017"]
[Site "Split CRO"]
[Date "2017.08.25"]
[Round "7.56"]
[White "Trunk, Mika"]
[Black "Maslov, Zeljko"]
[Result "1/2-1/2"]
[WhiteElo "1572"]
[BlackElo "1978"]
[PlyCount "55"]
[EventDate "2017.08.20"]
[EventType "swiss"]
[EventRounds "9"]
[EventCountry "CRO"]
[SourceTitle "Ajedrez en Madrid"]
[Source "lmi"]
[SourceDate "2017.08.20"]
[SourceVersion "1"]
[SourceVersionDate "2018.03.10"]
[SourceQuality "1"]

1. d4 Nf6 2. c3 d5 3. Bf4 e6 4. Nf3 Be7 5. h3 O-O 6. e3 Nbd7 7. Bd3 c5 8. O-O
c4 9. Bc2 b5 10. a4 b4 11. Qc1 b3 12. Bd1 Bb7 13. Re1 Ne4 14. Nfd2 Ndf6 15. Bf3
Rc8 16. Nxe4 Nxe4 17. Nd2 Nxd2 18. Qxd2 f5 19. Be2 Bd6 20. Be5 Bxe5 21. dxe5 a5
22. f4 Qb6 23. Qd4 Qc5 24. Bf3 g6 25. Kf2 Rc7 26. Red1 Rff7 27. g3 h5 28. h4
1/2-1/2

[Event "Split Open 2017"]
[Site "Split CRO"]
[Date "2017.08.25"]
[Round "7.59"]
[White "Erwich, Ankie"]
[Black "Juric-Cvitanovic, Alen"]
[Result "0-1"]
[WhiteElo "1507"]
[BlackElo "1834"]
[PlyCount "22"]
[EventDate "2017.08.20"]
[EventType "swiss"]
[EventRounds "9"]
[EventCountry "CRO"]
[SourceTitle "Ajedrez en Madrid"]
[Source "lmi"]
[SourceDate "2017.08.20"]
[SourceVersion "1"]
[SourceVersionDate "2018.03.10"]
[SourceQuality "1"]

1. d3 e5 2. Nf3 Nc6 3. Nc3 d5 4. e4 Nf6 5. Bg5 Bb4 6. exd5 Qxd5 7. Bxf6 gxf6 8.
Be2 Rg8 9. O-O Bxc3 10. bxc3 Bh3 11. Nh4 Bxg2 0-1

[Event "Split Open 2017"]
[Site "Split CRO"]
[Date "2017.08.25"]
[Round "7.60"]
[White "Simunic, Neno"]
[Black "Licandro, Michele"]
[Result "1-0"]
[WhiteElo "1832"]
[BlackElo "1447"]
[PlyCount "45"]
[EventDate "2017.08.20"]
[EventType "swiss"]
[EventRounds "9"]
[EventCountry "CRO"]
[SourceTitle "Ajedrez en Madrid"]
[Source "lmi"]
[SourceDate "2017.08.20"]
[SourceVersion "1"]
[SourceVersionDate "2018.03.10"]
[SourceQuality "1"]

1. d4 d5 2. c4 c6 3. Nf3 Nf6 4. Nc3 Bg4 5. Ne5 Bf5 6. e3 Nbd7 7. Qb3 Qc8 8.
cxd5 cxd5 9. Nxd5 Nxd5 10. Qxd5 Be6 11. Qe4 Nf6 12. Bb5+ Bd7 13. Nxd7 Nxd7 14.
Bd2 Rb8 15. Rc1 Qd8 16. O-O a6 17. Ba4 b5 18. Bb3 Nf6 19. Qc6+ Nd7 20. Qxa6 e6
21. Ba5 Ra8 22. Bxd8 Rxa6 23. Rc8 1-0

[Event "Split Open 2017"]
[Site "Split CRO"]
[Date "2017.08.25"]
[Round "7.63"]
[White "Munitic, Duje"]
[Black "Walta, Paivi"]
[Result "0-1"]
[WhiteElo "1360"]
[BlackElo "1708"]
[PlyCount "54"]
[EventDate "2017.08.20"]
[EventType "swiss"]
[EventRounds "9"]
[EventCountry "CRO"]
[SourceTitle "Ajedrez en Madrid"]
[Source "lmi"]
[SourceDate "2017.08.20"]
[SourceVersion "1"]
[SourceVersionDate "2018.03.10"]
[SourceQuality "1"]

1. e4 c5 2. Nc3 Nc6 3. f4 g6 4. Nf3 a6 5. Be2 Bg7 6. e5 d5 7. exd6 exd6 8. Ne4
Nge7 9. c3 b6 10. d3 d5 11. Ng3 d4 12. c4 O-O 13. Bd2 Re8 14. Ne4 Nf5 15. g4
Ne3 16. Bxe3 dxe3 17. Qc1 Bxg4 18. Qxe3 f5 19. O-O-O fxe4 20. dxe4 Qe7 21. e5
Rac8 22. h4 Qf8 23. Ng5 Bxe2 24. Rd7 Bxc4 25. h5 h6 26. hxg6 hxg5 27. f5 Qxf5
0-1

[Event "Split Open 2017"]
[Site "Split CRO"]
[Date "2017.08.26"]
[Round "8.1"]
[White "Saric, Ante"]
[Black "Zelic, Mladen"]
[Result "1-0"]
[WhiteElo "2538"]
[BlackElo "2305"]
[PlyCount "69"]
[EventDate "2017.08.20"]
[EventType "swiss"]
[EventRounds "9"]
[EventCountry "CRO"]
[SourceTitle "Ajedrez en Madrid"]
[Source "lmi"]
[SourceDate "2017.08.20"]
[SourceVersion "1"]
[SourceVersionDate "2018.03.10"]
[SourceQuality "1"]

1. Nf3 Nf6 2. g3 g6 3. b3 Bg7 4. Bb2 O-O 5. Bg2 d5 6. c4 dxc4 7. bxc4 c5 8. O-O
Nc6 9. Ne5 Na5 10. Qc1 Ng4 11. Nf3 Bxb2 12. Qxb2 Nxc4 13. Qb5 Nd6 14. Qxc5 Bd7
15. Nc3 Bc6 16. a4 Nf6 17. a5 a6 18. d3 Rc8 19. Qb4 Re8 20. Rfc1 e5 21. e4 Nb5
22. Nxb5 Bxb5 23. d4 Nxe4 24. dxe5 Qd3 25. Rxc8 Rxc8 26. e6 f6 27. Re1 Nd6 28.
Nd4 Qc3 29. Qxc3 Rxc3 30. Nxb5 axb5 31. Rd1 Ne8 32. Bxb7 b4 33. a6 b3 34. a7
Nc7 35. Rb1 1-0

[Event "Split Open 2017"]
[Site "Split CRO"]
[Date "2017.08.26"]
[Round "8.2"]
[White "Plenkovic, Zdenko"]
[Black "Martinovic, Sasa"]
[Result "0-1"]
[WhiteElo "2417"]
[BlackElo "2570"]
[PlyCount "72"]
[EventDate "2017.08.20"]
[EventType "swiss"]
[EventRounds "9"]
[EventCountry "CRO"]
[SourceTitle "Ajedrez en Madrid"]
[Source "lmi"]
[SourceDate "2017.08.20"]
[SourceVersion "1"]
[SourceVersionDate "2018.03.10"]
[SourceQuality "1"]

1. e4 e6 2. d4 d5 3. Nc3 Nf6 4. e5 Nfd7 5. f4 c5 6. Nf3 Nc6 7. Bd3 Nxd4 8. Nxd4
cxd4 9. Ne2 Bc5 10. O-O O-O 11. Ng3 f5 12. Kh1 a5 13. a3 b6 14. Qe2 Nb8 15. Nh5
Ba6 16. g4 Bxd3 17. cxd3 Nc6 18. Bd2 a4 19. gxf5 Rxf5 20. Ng3 Ne7 21. Nxf5 Nxf5
22. Rac1 Qd7 23. Rg1 Rf8 24. Rb1 Qb5 25. b4 axb3 26. Bb4 Qa4 27. Qb2 Bxb4 28.
axb4 Qb5 29. Qxb3 Ne3 30. Ra1 g6 31. Ra7 Rxf4 32. Qa4 Qxd3 33. Qe8+ Rf8 34.
Qxe6+ Kh8 35. h3 Qe4+ 36. Kh2 Rf2+ 0-1

[Event "Split Open 2017"]
[Site "Split CRO"]
[Date "2017.08.26"]
[Round "8.3"]
[White "Gjuran, Denis"]
[Black "Srbis, Jurica"]
[Result "0-1"]
[WhiteElo "2342"]
[BlackElo "2417"]
[PlyCount "76"]
[EventDate "2017.08.20"]
[EventType "swiss"]
[EventRounds "9"]
[EventCountry "CRO"]
[SourceTitle "Ajedrez en Madrid"]
[Source "lmi"]
[SourceDate "2017.08.20"]
[SourceVersion "1"]
[SourceVersionDate "2018.03.10"]
[SourceQuality "1"]

1. e4 c5 2. c3 d6 3. d4 Nf6 4. Bd3 g6 5. Nf3 Bg7 6. O-O O-O 7. h3 d5 8. e5 Ne4
9. Nbd2 Bf5 10. Qe2 Nxd2 11. Bxd2 Bxd3 12. Qxd3 cxd4 13. cxd4 Nc6 14. b4 Qb6
15. a4 Nxb4 16. Bxb4 Qxb4 17. Rfb1 Qc4 18. Qxc4 dxc4 19. Rxb7 Rfc8 20. Rc1 c3
21. Rb3 Rc4 22. Rcxc3 Rxa4 23. Rc7 Bf8 24. g3 a5 25. Rbb7 h6 26. d5 Rb4 27.
Rxb4 axb4 28. Nd4 Rb8 29. Nc6 Rb5 30. Nxe7+ Bxe7 31. d6 Bg5 32. h4 b3 33. hxg5
b2 34. Rc8+ Kh7 35. d7 b1=Q+ 36. Kh2 Qf5 37. d8=Q Qxf2+ 38. Kh3 Qf5+ 0-1

[Event "Split Open 2017"]
[Site "Split CRO"]
[Date "2017.08.26"]
[Round "8.7"]
[White "Michalski, Filip"]
[Black "Armanda, Ivica"]
[Result "1/2-1/2"]
[WhiteElo "2070"]
[BlackElo "2335"]
[PlyCount "65"]
[EventDate "2017.08.20"]
[EventType "swiss"]
[EventRounds "9"]
[EventCountry "CRO"]
[SourceTitle "Ajedrez en Madrid"]
[Source "lmi"]
[SourceDate "2017.08.20"]
[SourceVersion "1"]
[SourceVersionDate "2018.03.10"]
[SourceQuality "1"]

1. d4 Nf6 2. c4 g6 3. Nc3 Bg7 4. g3 O-O 5. Bg2 d6 6. Nf3 Nc6 7. O-O Bf5 8. b3
Ne4 9. Bb2 Nxc3 10. Bxc3 Be4 11. e3 e6 12. Qe2 Re8 13. Rac1 d5 14. Rfd1 Ne7 15.
Bf1 Bxf3 16. Qxf3 c6 17. Bg2 Qb6 18. Qe2 Rad8 19. c5 Qc7 20. Qb2 h5 21. b4 Nf5
22. a4 e5 23. dxe5 Bxe5 24. Bxe5 Rxe5 25. e4 Rxe4 26. Bxe4 dxe4 27. Rxd8+ Qxd8
28. Qe2 Qd5 29. Qc4 Qd2 30. Qc3 Qd5 31. Qc4 Qd2 32. Qc3 Qd5 33. Qc4 1/2-1/2

[Event "Split Open 2017"]
[Site "Split CRO"]
[Date "2017.08.26"]
[Round "8.8"]
[White "Piskur, Mitja"]
[Black "Berke, Ana"]
[Result "1-0"]
[WhiteElo "2308"]
[BlackElo "2160"]
[PlyCount "137"]
[EventDate "2017.08.20"]
[EventType "swiss"]
[EventRounds "9"]
[EventCountry "CRO"]
[SourceTitle "Ajedrez en Madrid"]
[Source "lmi"]
[SourceDate "2017.08.20"]
[SourceVersion "1"]
[SourceVersionDate "2018.03.10"]
[SourceQuality "1"]

1. e4 c5 2. Nf3 d6 3. d3 Nc6 4. g3 g6 5. Bg2 Bg7 6. O-O e5 7. Nc3 Nge7 8. Nd2
O-O 9. Nc4 Nd4 10. a4 a5 11. Ne3 Be6 12. Ncd5 Rb8 13. c3 Bxd5 14. exd5 Ndf5 15.
Nc4 Nc8 16. Bd2 Nfe7 17. Qb3 Qc7 18. f4 h6 19. Rae1 exf4 20. Bxf4 g5 21. Bd2
Ng6 22. Ne3 Nce7 23. Be4 Rbe8 24. Qb5 b6 25. Rf2 Ne5 26. Ref1 Qd7 27. Qxd7 Nxd7
28. Kg2 Ne5 29. h4 c4 30. d4 Nd3 31. Bxd3 cxd3 32. hxg5 hxg5 33. g4 f6 34. Rf3
Ng6 35. Nf5 Re2+ 36. R1f2 Rfe8 37. Rxd3 Nh4+ 38. Nxh4 gxh4 39. Rxe2 Rxe2+ 40.
Kh3 Kh7 41. Kxh4 Bh6 42. Bxh6 Kxh6 43. b3 Kg6 44. c4 Kf7 45. Kg3 Ke7 46. Kf3
Rh2 47. Re3+ Kd7 48. Kf4 Rf2+ 49. Rf3 Re2 50. Rh3 Rf2+ 51. Ke3 Rb2 52. Ke4 Re2+
53. Kf5 Rf2+ 54. Kg6 Rf4 55. Rh7+ Kd8 56. Kf7 Kd7 57. Kf8+ Kd8 58. Rb7 Rxg4 59.
Rxb6 Kc7 60. Rc6+ Kd7 61. Ra6 Rg3 62. Kf7 Rxb3 63. c5 f5 64. Rxd6+ Kc7 65. Rf6
Rb4 66. Ke6 Rxa4 67. Rf7+ Kc8 68. d6 Rxd4 69. c6 1-0